000 00317nam a2200121Ia 4500
008 191201s2019 xx 000 0 und d
100 _aGOKHELE, S V
245 0 _aChemical Process Table III Yarn Package Dyeing
260 _aN.Delhi
_bThe Textile Association
300 _a24
650 _aB.Tech(TE)
942 _2ddc
_cBK
999 _c3452
_d3452